Most selled Mangas - Statistics

General Stats
  • This quiz has been taken 113 times
  • The average score is 11 of 31
Answer Stats
Hint Answer % Correct
516 millions One Piece
99%
250 Naruto
94%
260 Dragon Ball
85%
150 Demon Slayer
76%
130 Bleach
75%
90 JuJutsu Kaisen
60%
140 Attack on Titan
57%
100 My hero Academia
54%
84 Hunter x Hunter
46%
60 Berserk
43%
270 Detective Conan
37%
120 JoJo
36%
80 Fullmetal Alchemist
33%
170 Slam Dunk
33%
72 Fairy Tail
31%
250 Doraemon
28%
60 Haikyu
21%
82 Vagabond
19%
100 Ippo
18%
100 Kingdom
16%
100 Astro Boy
13%
80 Tokyo Revenger
11%
100 Baki
10%
58 Gintama
10%
300 Goglo 13
10%
100 Hokuto no Ken
10%
78 Yu Yu Hakusho
8%
156 Kochikame
7%
90 Captain Tsubasa
6%
72 Kenshin
6%
86 Sazae-san
3%
No matching quizzes found
Score Distribution
Percent of People with Each Score
Percentile by Number Answered
Your Score History
You have not taken this quiz